[Event "35th Zalakaros Open 2016"]
[Site "Zalakaros HUN"]
[Date "2016.06.03"]
[Round "8.17"]
[White "Aczel, Gergely"]
[Black "Livaic, Leon"]
[Result "1/2-1/2"]
[WhiteTitle "IM"]
[BlackTitle "FM"]
[WhiteElo "2502"]
[BlackElo "2428"]
[WhiteFideId "727709"]
[BlackFideId "14531534"]
[EventDate "2016.05.27"]

1. d4 Nf6 2. c4 e6 3. Nc3 Bb4 4. Qc2 d5 5. a3 Bxc3+ 6. Qxc3 O-O 7. Nf3 dxc4 8.
Qxc4 b6 9. Bg5 Ba6 10. Qa4 h6 11. Bh4 c5 12. dxc5 bxc5 13. Rc1 Qd7 14. Qxd7
Nbxd7 15. Nd2 Rab8 16. b3 Rfc8 17. Bxf6 Nxf6 18. h4 Bb7 19. f3 Nh5 20. e4 Ng3
21. Rg1 Nxf1 22. Rxf1 Ba6 23. Rf2 f5 24. Rc3 Kf7 25. Kd1 Rb6 26. Kc2 Rd6 27.
exf5 exf5 28. Nc4 Rd4 29. Ne5+ Kf6 30. f4 Bb7 31. Rg3 g5 32. hxg5+ hxg5 33. Rxg5
Rxf4 34. Rxf4 Kxg5 35. g3 Be4+ 36. Kc3 Kf6 37. Ng4+ Ke6 38. Nf2 Bd5 39. Nd3 Be4
40. Nf2 Bd5 41. Ra4 Rb8 42. b4 cxb4+ 43. axb4 Rc8+ 44. Kd3 Bc4+ 45. Ke3 a6 46.
Nd3 Bxd3 47. Kxd3 Rc6 48. Kd4 Kf6 49. Kd5 Rb6 50. Kc5 Re6 51. Kd5 Rb6 52. Kc5
Re6 53. Kd5 Rb6 54. Kc5 Re6 1/2-1/2

[Event "35th Zalakaros Open 2016"]
[Site "Zalakaros HUN"]
[Date "2016.06.03"]
[Round "8.18"]
[White "Vertetics, Attila"]
[Black "Sundararajan, Kidambi"]
[Result "1/2-1/2"]
[WhiteTitle "IM"]
[BlackTitle "GM"]
[WhiteElo "2425"]
[BlackElo "2469"]
[WhiteFideId "723720"]
[BlackFideId "5005370"]
[EventDate "2016.05.27"]

1. d4 e6 2. c4 Nf6 3. Nf3 b6 4. g3 Ba6 5. b3 Bb4+ 6. Bd2 c5 7. Bg2 Bb7 8. O-O
Bxd2 9. Qxd2 cxd4 10. Qxd4 Nc6 11. Qf4 Qb8 12. Qg5 O-O 13. Nc3 h6 14. Qd2 Ne7
15. Rfd1 d5 16. cxd5 Nexd5 1/2-1/2

[Event "35th Zalakaros Open 2016"]
[Site "Zalakaros HUN"]
[Date "2016.06.03"]
[Round "8.19"]
[White "Kulon, Klaudia"]
[Black "Romanishin, Oleg M"]
[Result "1-0"]
[WhiteTitle "WGM"]
[BlackTitle "GM"]
[WhiteElo "2304"]
[BlackElo "2464"]
[WhiteFideId "1131044"]
[BlackFideId "14100088"]
[EventDate "2016.05.27"]

1. e4 e5 2. Nf3 Nc6 3. Bb5 a6 4. Ba4 Nf6 5. O-O Be7 6. Bxc6 dxc6 7. d3 Nd7 8.
Nbd2 O-O 9. Nc4 Bf6 10. b3 Re8 11. a4 Nf8 12. Bb2 Ng6 13. h3 b5 14. Ne3 Be6 15.
Ng4 Bxg4 16. hxg4 Qd7 17. Ne1 Be7 18. g3 Bc5 19. Kg2 Bb4 20. g5 Bxe1 21. Rxe1 f6
22. Qh5 fxg5 23. Rh1 Nf8 24. Qxg5 Qd6 25. Rh5 h6 26. Qg4 Nd7 27. Rh4 Re6 28. Ba3
c5 29. axb5 Rg6 30. Qh5 Rg5 31. Qe2 1-0

[Event "35th Zalakaros Open 2016"]
[Site "Zalakaros HUN"]
[Date "2016.06.03"]
[Round "8.20"]
[White "Czebe, Attila"]
[Black "Ben Artzi, Ido"]
[Result "0-1"]
[WhiteTitle "GM"]
[BlackTitle "IM"]
[WhiteElo "2454"]
[BlackElo "2399"]
[WhiteFideId "705268"]
[BlackFideId "2810913"]
[EventDate "2016.05.27"]

1. Nf3 g6 2. e4 d6 3. d4 Nf6 4. Qe2 Bg7 5. e5 dxe5 6. dxe5 Nd5 7. c4 Nb4 8. a3
N4c6 9. Nc3 Bg4 10. Bf4 O-O 11. Rd1 Qc8 12. Nd5 Nd7 13. h3 Bxf3 14. Qxf3 Ndxe5
15. Bxe5 Bxe5 16. b4 Qe6 17. Be2 Rad8 18. Qe4 Nd4 19. Nxc7 Bxc7 20. Rxd4 Be5 0-1

[Event "35th Zalakaros Open 2016"]
[Site "Zalakaros HUN"]
[Date "2016.06.03"]
[Round "8.21"]
[White "Kozak, Adam"]
[Black "Smith, Bryan G"]
[Result "1/2-1/2"]
[WhiteTitle "FM"]
[BlackTitle "GM"]
[WhiteElo "2347"]
[BlackElo "2453"]
[WhiteFideId "753246"]
[BlackFideId "2017083"]
[EventDate "2016.05.27"]

1. d4 Nf6 2. c4 e6 3. Nc3 Bb4 4. Qc2 d6 5. Nf3 Nbd7 6. Bd2 e5 7. a3 Bxc3 8. Bxc3
e4 9. Nd2 e3 10. fxe3 O-O 11. e4 Re8 12. g3 c5 13. Bg2 Ng4 14. Bf3 Qg5 15. Bxg4
Qxg4 16. Qd3 cxd4 17. Qxd4 Nc5 18. Rf1 Qg6 19. Rf3 Bg4 20. Re3 Re6 21. b4 Na4
22. Kf2 Rae8 23. Kg1 Nxc3 24. Qxc3 Qh5 25. Qd3 Rh6 26. h4 Rg6 27. Rf1 Qe5 28.
Qd5 Qe7 29. Rf4 h5 30. Kf2 Rf6 31. Rxf6 Qxf6+ 32. Nf3 b6 33. Qd4 Qg6 1/2-1/2

[Event "35th Zalakaros Open 2016"]
[Site "Zalakaros HUN"]
[Date "2016.06.03"]
[Round "8.22"]
[White "Nguyen, Piotr"]
[Black "Hnydiuk, Aleksander"]
[Result "0-1"]
[WhiteTitle "IM"]
[BlackTitle "IM"]
[WhiteElo "2446"]
[BlackElo "2381"]
[WhiteFideId "1127993"]
[BlackFideId "1109057"]
[EventDate "2016.05.27"]

1. f4 d5 2. Nf3 Nf6 3. g3 g6 4. Bg2 Bg7 5. O-O O-O 6. d3 c5 7. Qe1 d4 8. Na3 Nc6
9. c3 Rb8 10. Nc4 Be6 11. Nce5 Nxe5 12. fxe5 Ng4 13. Bf4 Qb6 14. b3 dxc3 15. h3
c4+ 16. d4 cxb3 17. Qxc3 Rbc8 18. Qd3 b2 19. Rae1 Nh6 20. a4 Bc4 21. Qd2 Ba2 22.
a5 Qb3 23. Bxh6 b1=Q 24. Rxb1 Bxb1 25. Qf4 Bf5 26. Qh4 Bxh6 27. Qxh6 f6 28. exf6
exf6 29. Nh4 Qxg3 30. Rxf5 gxf5 31. Nxf5 Qg5 32. Ne7+ Kh8 33. Qxg5 fxg5 34. Nxc8
Rxc8 35. Bxb7 Rc3 36. h4 Rg3+ 37. Kh2 Rg4 38. hxg5 Rxd4 39. Kg3 Kg7 40. Kf3 Ra4
41. a6 Kg6 42. Be4+ Kxg5 43. Bxh7 Rxa6 44. Ke3 Rd6 45. Bd3 Kf6 46. Kd2 Rc6 47.
Be4 Rc5 48. Bc2 Ke5 49. Kc1 Rb5 50. Bd3 Rb6 51. e3 a5 52. Bc2 Rb4 53. Kd2 a4 54.
Kc3 a3 55. Kxb4 a2 56. Kc3 a1=Q+ 57. Kd3 Qb2 58. Bd1 Qb5+ 59. Kd2 Ke4 60. Bc2+
Ke5 0-1

[Event "35th Zalakaros Open 2016"]
[Site "Zalakaros HUN"]
[Date "2016.06.03"]
[Round "8.23"]
[White "Nemeth, Miklos1"]
[Black "Karavade, Eesha"]
[Result "1/2-1/2"]
[WhiteTitle "IM"]
[BlackTitle "IM"]
[WhiteElo "2482"]
[BlackElo "2409"]
[WhiteFideId "720232"]
[BlackFideId "5012600"]
[EventDate "2016.05.27"]

1. e4 c5 2. Nf3 e6 3. b3 b6 4. Bb2 Bb7 5. Bd3 Nc6 6. Nc3 a6 7. O-O d6 8. Re1 Be7
9. e5 Nxe5 10. Nxe5 dxe5 11. Rxe5 Bf6 12. Rh5 g6 13. Rh3 Ne7 14. Na4 Bxb2 15.
Nxb2 Qd5 16. Bf1 Nf5 17. Nc4 Qc6 18. Qg4 O-O-O 19. c3 f6 20. b4 h5 21. Qe2 Rhe8
22. Rb1 Nd6 23. Nxd6+ Rxd6 24. bxc5 Qxc5 25. d4 Qf5 26. Qc4+ Kb8 27. Qb4 Red8
28. c4 b5 29. d5 exd5 30. cxb5 a5 31. Qb3 d4 32. Rd1 Qc5 33. Qa4 Qb6 34. Ra3 Be4
35. Qxa5 Qxa5 36. Rxa5 Bc2 37. Rd2 d3 38. f3 f5 39. g3 h4 40. Kf2 hxg3+ 41. hxg3
g5 42. b6 f4 43. Rxg5 fxg3+ 44. Rxg3 Kb7 45. Rg4 1/2-1/2

[Event "35th Zalakaros Open 2016"]
[Site "Zalakaros HUN"]
[Date "2016.06.03"]
[Round "8.24"]
[White "Erdos, Viktor"]
[Black "Paschall, William M."]
[Result "1-0"]
[WhiteTitle "GM"]
[BlackTitle "IM"]
[WhiteElo "2577"]
[BlackElo "2377"]
[WhiteFideId "719978"]
[BlackFideId "2005379"]
[EventDate "2016.05.27"]

1. d4 Nf6 2. c4 e6 3. Nf3 Bb4+ 4. Nbd2 O-O 5. a3 Be7 6. e4 d6 7. Qc2 Nc6 8. Be2
Re8 9. b4 e5 10. d5 Nb8 11. O-O Rf8 12. Bb2 Ne8 13. c5 f5 14. Rac1 fxe4 15. Nxe4
Bf5 16. Bd3 Kh8 17. Ng3 Bxd3 18. Qxd3 Nd7 19. Ne4 Rf4 20. Rc4 Nf8 21. Bc1 Rf7
22. Be3 h6 23. Rfc1 Nh7 24. Nfd2 Nhf6 25. Nc3 Nh7 26. Nf3 Bg5 27. cxd6 cxd6 28.
Nxg5 Nxg5 29. Qc2 Nh7 30. Nb5 a6 31. Rc8 Rxc8 32. Qxc8 Rd7 33. Bb6 Qe7 34. Nc7
Nf6 35. Qxb7 Nxd5 36. Qxd5 Nxc7 37. Qd3 e4 38. Qb3 Ne6 39. Qd5 Ng5 40. Rc8+ Kh7
41. Qf5+ g6 42. Qd5 Nf7 43. h3 Rb7 44. Bd4 1-0

[Event "35th Zalakaros Open 2016"]
[Site "Zalakaros HUN"]
[Date "2016.06.03"]
[Round "8.25"]
[White "Raja, Harshit"]
[Black "Del Rio De Angelis, Salvador G."]
[Result "1/2-1/2"]
[BlackTitle "GM"]
[WhiteElo "2329"]
[BlackElo "2541"]
[WhiteFideId "5089000"]
[BlackFideId "2203138"]
[EventDate "2016.05.27"]

1. e4 e6 2. d4 d5 3. Nd2 c5 4. exd5 Qxd5 5. Ngf3 cxd4 6. Bc4 Qd6 7. O-O Nf6 8.
Nb3 Nc6 9. Nbxd4 Nxd4 10. Nxd4 a6 11. Re1 Qc7 12. Bf1 Be7 13. Qf3 O-O 14. Bf4
Qb6 15. Nb3 Bd7 16. Be5 Rfd8 17. Qg3 Rac8 18. Bd4 Qd6 19. Be5 Qb6 20. Bd4 Qd6
21. Be5 Qb6 22. Rad1 Bb5 1/2-1/2

[Event "35th Zalakaros Open 2016"]
[Site "Zalakaros HUN"]
[Date "2016.06.03"]
[Round "8.26"]
[White "Mesaros, Florian"]
[Black "Narayanan, Srinath"]
[Result "1/2-1/2"]
[WhiteTitle "FM"]
[BlackTitle "IM"]
[WhiteElo "2318"]
[BlackElo "2469"]
[WhiteFideId "1629220"]
[BlackFideId "5018420"]
[EventDate "2016.05.27"]

1. Nf3 c5 2. c4 Nc6 3. Nc3 e5 4. g3 g6 5. Bg2 Bg7 6. O-O d6 7. a3 a5 8. Ne1 Be6
9. d3 Nge7 10. Nc2 d5 11. cxd5 Nxd5 12. Ne3 Nb6 13. Bxc6+ bxc6 14. Ne4 c4 15.
dxc4 Qxd1 16. Rxd1 O-O 17. b3 a4 18. Ng5 Bc8 19. b4 Ba6 20. c5 Nc4 21. Nxc4 Bxc4
22. Bb2 Bxe2 23. Rd6 Rfd8 24. Re1 Rxd6 25. cxd6 Bc4 26. f4 f6 27. Ne4 Rd8 28.
fxe5 fxe5 29. Bc1 Bd5 30. Bg5 Rd7 31. Nc5 Rxd6 32. Be7 Rf6 33. Bxf6 Bxf6 34. Nd7
Bg5 35. Rxe5 Bc1 36. Nf6+ Kf7 37. Nxd5 cxd5 38. Rxd5 Bxa3 39. Rd7+ Ke6 40. Rb7
Bb2 41. Kf1 a3 42. Ra7 Kd5 43. b5 Kc5 44. Ke2 Kb6 45. Ra8 Kxb5 46. Kd3 Kb4 47.
Rb8+ Kc5 48. Kc2 Kd5 49. Rb7 Ke4 50. Rxh7 Kf3 51. Kb3 g5 52. Rc7 g4 53. Rc2 Ke3
54. Ka2 Kf3 55. Rd2 Ke3 56. Rg2 Kf3 57. Rc2 Ke3 58. Rc5 Kf3 59. Rh5 Kg2 60. Rh4
Kf3 61. Rh6 Kg2 62. Rh5 Kf3 63. Rf5+ Kg2 64. Rf4 Kxh2 65. Rxg4 Kg2 66. Rg8 Kf3
67. g4 Kg3 68. g5 Kg4 69. g6 Kg5 70. g7 1/2-1/2

[Event "35th Zalakaros Open 2016"]
[Site "Zalakaros HUN"]
[Date "2016.06.03"]
[Round "8.27"]
[White "Nagy, Gabor1"]
[Black "Havasi, Gergo"]
[Result "1-0"]
[WhiteTitle "IM"]
[WhiteElo "2439"]
[BlackElo "2367"]
[WhiteFideId "737119"]
[BlackFideId "760293"]
[EventDate "2016.05.27"]

1. Nf3 d5 2. g3 c6 3. Bg2 Bf5 4. c4 e6 5. cxd5 exd5 6. O-O Nf6 7. d3 Na6 8. a3
Be7 9. b4 O-O 10. Bb2 Nc7 11. Nd4 Bg6 12. Nc3 Bd6 13. e3 Re8 14. Nb3 Rb8 15. Qd2
Bf8 16. Rac1 h6 17. Ne2 Bh7 18. Ned4 a6 19. Rc2 Nb5 20. a4 Nd6 21. Bh3 Nd7 22.
f4 Nb6 23. Nc5 Ndc4 24. dxc4 Bxc2 25. Qxc2 Nxc4 26. Nf5 Nxe3 27. Nxe3 Rxe3 28.
Bd4 Re8 29. Qc3 b6 30. Nd7 c5 31. bxc5 bxc5 32. Be5 d4 33. Qc2 Rb7 34. Nxf8 Rxf8
35. Qxc5 d3 36. Rd1 d2 37. Qc3 Rb1 38. Rxb1 d1=Q+ 39. Rxd1 Qxd1+ 40. Bf1 f6 41.
Qc4+ Kh8 42. Bd4 Re8 43. Bf2 a5 44. Kg2 Qd2 45. Bd3 Rd8 46. Be4 Qd7 47. Qc5 Qxa4
48. Qf5 Kg8 49. Qh7+ Kf8 50. Qh8+ Kf7 51. Qxd8 Qxe4+ 52. Kf1 Qh1+ 53. Ke2 Qxh2
54. Qxa5 Kg6 55. Qd5 Qh3 56. Qe4+ f5 57. Qe6+ Kh7 58. Qf7 Qg4+ 59. Kd2 Kh8 60.
Bd4 Kh7 61. Qf8 Qg6 62. Bc3 Qg4 63. Be5 Qg6 64. Ke2 Qg4+ 65. Kf2 Qg6 66. Bd4 Qg4
67. Qf7 Kh8 68. Qe6 Kh7 69. Kg2 Qh5 70. Qe7 Qg6 71. Kf2 Qg4 72. Qf7 Kh8 73. Qf8+
Kh7 74. Bxg7 Qxg7 75. Qxf5+ Kg8 76. Qe6+ Kh7 77. Kg2 Qb7+ 78. Kf2 Qb2+ 79. Kf3
Qc3+ 80. Kg4 Qa3 81. Qf7+ Kh8 82. f5 Qe3 83. Qf6+ Kh7 84. Qg6+ Kh8 85. Kh5 Qe2+
86. Kxh6 Qh2+ 87. Qh5 Qa2 88. Qe8+ Qg8 89. Qe5+ 1-0

[Event "35th Zalakaros Open 2016"]
[Site "Zalakaros HUN"]
[Date "2016.06.03"]
[Round "8.28"]
[White "Loos, Roland"]
[Black "Butkiewicz, Lukasz"]
[Result "0-1"]
[BlackTitle "IM"]
[WhiteElo "2316"]
[BlackElo "2429"]
[WhiteFideId "4643232"]
[BlackFideId "1122428"]
[EventDate "2016.05.27"]

1. d4 f5 2. c4 Nf6 3. g3 g6 4. Bg2 Bg7 5. Nf3 O-O 6. O-O d6 7. Nc3 Qe8 8. d5 Na6
9. Be3 Bd7 10. Bd4 c5 11. Be3 Nc7 12. a4 b6 13. Nb5 Qd8 14. Ng5 a6 15. Nxc7 Qxc7
16. Ne6 Bxe6 17. dxe6 Rab8 18. Qc2 Qc8 19. Bd5 Nxd5 20. cxd5 b5 21. a5 Qc7 22.
Rfc1 b4 23. Ra4 Rb5 24. Qd2 Rfb8 25. Bh6 Bxh6 26. Qxh6 c4 27. Qh4 Rc5 28. Qf4 c3
29. bxc3 Rxc3 30. Rb1 Rc4 31. Qg5 Kg7 32. h4 h6 33. Qd2 Qc5 34. e3 Rb5 35. Rd1
Rc2 36. Qd3 Qc4 37. Qxc4 Rxc4 38. Kg2 Kf6 39. f4 Rc2+ 40. Kf3 b3 0-1

[Event "35th Zalakaros Open 2016"]
[Site "Zalakaros HUN"]
[Date "2016.06.03"]
[Round "8.29"]
[White "Tarhon, Brian"]
[Black "Kantor, Gergely"]
[Result "0-1"]
[WhiteTitle "FM"]
[BlackTitle "IM"]
[WhiteElo "2285"]
[BlackElo "2424"]
[WhiteFideId "423190"]
[BlackFideId "751499"]
[EventDate "2016.05.27"]

1. e4 e5 2. Nf3 Nc6 3. Bb5 a6 4. Ba4 Nf6 5. O-O Be7 6. Re1 b5 7. Bb3 d6 8. c3
O-O 9. h3 Na5 10. Bc2 c5 11. d4 Qc7 12. Nbd2 Re8 13. Nf1 g6 14. Ng3 Bf8 15. d5
Bd7 16. b3 Bg7 17. Be3 Nb7 18. a4 bxa4 19. bxa4 Na5 20. Qe2 Reb8 21. Rab1 Be8
22. Rxb8 Qxb8 23. Rb1 Qc7 24. c4 Rb8 25. Nd2 Rxb1+ 26. Nxb1 Qb6 27. Qd3 Bf8 28.
Bd2 Be7 29. Nf1 Bd8 30. Ne3 Bd7 31. Kh2 h5 32. g3 h4 33. g4 Nh7 34. Ng2 Qb2 35.
f4 exf4 36. Bxf4 Ng5 37. Bxd6 Nxc4 38. Bxc5 Ne5 39. Qd1 Nef3+ 40. Kh1 Qe5 41.
Bg1 Bb6 42. Nxh4 Nxg1 0-1

[Event "35th Zalakaros Open 2016"]
[Site "Zalakaros HUN"]
[Date "2016.06.03"]
[Round "8.30"]
[White "Meszaros, Tamas"]
[Black "Barski, Radoslaw"]
[Result "1-0"]
[WhiteTitle "IM"]
[WhiteElo "2409"]
[BlackElo "2324"]
[WhiteFideId "717410"]
[BlackFideId "1131710"]
[EventDate "2016.05.27"]

1. e4 e5 2. Nf3 Nc6 3. Bb5 a6 4. Ba4 Nf6 5. d3 d6 6. c3 g6 7. O-O Bg7 8. Nbd2
O-O 9. Re1 b5 10. Bb3 Na5 11. Bc2 c5 12. Nf1 h6 13. h3 Bb7 14. Be3 Re8 15. Qd2
Kh7 16. Ng3 Rc8 17. a4 d5 18. axb5 d4 19. cxd4 cxd4 20. Bxd4 exd4 21. Bd1 Nc4
22. dxc4 axb5 23. e5 Nd7 24. cxb5 Nxe5 25. Nxe5 Bxe5 26. Nf1 Qd6 27. Bb3 Rc7 28.
Qd3 Rce7 29. Red1 Qf6 30. g3 Bf3 31. Ra6 Bd6 32. Rxd6 Qxd6 33. Qxf3 f5 34. Qd5
Qf6 35. Qxd4 1-0

[Event "35th Zalakaros Open 2016"]
[Site "Zalakaros HUN"]
[Date "2016.06.03"]
[Round "8.31"]
[White "Piasetski, Leon"]
[Black "Cebalo, Miso"]
[Result "1-0"]
[WhiteTitle "IM"]
[BlackTitle "GM"]
[WhiteElo "2292"]
[BlackElo "2407"]
[WhiteFideId "2600072"]
[BlackFideId "14500094"]
[EventDate "2016.05.27"]

1. Nf3 c5 2. c4 g6 3. e4 Nc6 4. d4 cxd4 5. Nxd4 Nf6 6. Nc3 Nxd4 7. Qxd4 d6 8. f3
Bg7 9. Be3 O-O 10. Qd2 a5 11. b3 a4 12. b4 a3 13. Rc1 Be6 14. Nb5 Bd7 15. Nd4
Ne8 16. g4 Nc7 17. Bd3 Ne6 18. Ne2 Bb2 19. Rb1 f6 20. f4 Ng7 21. f5 Be8 22. h4
e6 23. Nf4 Qe7 24. fxe6 Nxe6 25. Nd5 Qd8 26. Rxb2 axb2 27. Qxb2 Bc6 28. h5 g5
29. O-O Bxd5 30. exd5 Nf4 31. Bf5 Kg7 32. h6+ Kf7 33. Bxf4 gxf4 34. Be6+ Ke8 35.
c5 Qc7 36. c6 bxc6 37. dxc6 Qxc6 38. Qe2 Kd8 39. Qd3 Re8 40. Qf5 Qc3 41. Bd5 Re2
42. Qxf4 Ra3 43. Qxd6+ Ke8 44. Bc6+ Kf7 45. Qd7+ Re7 46. Bd5+ Kg6 47. Qxe7 Qd4+
48. Kh2 Qd2+ 49. Bg2 Qxh6+ 50. Kg1 Qg5 51. Be4+ 1-0

[Event "35th Zalakaros Open 2016"]
[Site "Zalakaros HUN"]
[Date "2016.06.03"]
[Round "8.32"]
[White "Csonka, Balazs"]
[Black "Efroimski, Marsel"]
[Result "1/2-1/2"]
[WhiteTitle "FM"]
[BlackTitle "WIM"]
[WhiteElo "2400"]
[BlackElo "2268"]
[WhiteFideId "742910"]
[BlackFideId "2810964"]
[EventDate "2016.05.27"]

1. b3 e5 2. Bb2 Nc6 3. e3 Nf6 4. Bb5 d6 5. Ne2 Bd7 6. O-O Be7 7. c4 O-O 8. Nbc3
Re8 9. Bxc6 Bxc6 10. d4 e4 11. d5 Bd7 12. Ng3 Bf8 13. Qc2 Qe7 14. Rfd1 c5 15.
dxc6 bxc6 16. Rd4 c5 17. Nd5 Nxd5 18. Rxd5 a5 19. Rad1 Ra6 20. Nf5 Bxf5 1/2-1/2

[Event "35th Zalakaros Open 2016"]
[Site "Zalakaros HUN"]
[Date "2016.06.03"]
[Round "8.33"]
[White "Paszewski, Mateusz"]
[Black "Farago, Ivan"]
[Result "1/2-1/2"]
[BlackTitle "GM"]
[WhiteElo "2218"]
[BlackElo "2391"]
[WhiteFideId "1141058"]
[BlackFideId "700134"]
[EventDate "2016.05.27"]

1. c4 Nf6 2. Nc3 e5 3. g3 Bb4 4. Bg2 O-O 5. Nf3 Nc6 6. Nd5 Bc5 7. O-O d6 8. d3
h6 9. e3 a6 10. b3 Ba7 11. Nxf6+ Qxf6 12. Bb2 Bg4 13. h3 Be6 14. Bc3 d5 15. cxd5
Bxd5 16. Qe2 Rad8 17. Rfd1 Rfe8 18. e4 Be6 19. Rac1 Bc8 20. Kh2 Re7 21. Qb2 Nd4
22. Nxd4 Bxd4 23. Bxd4 Rxd4 24. Rc4 Red7 25. Rdc1 c6 26. Bf1 g5 27. Rxd4 Rxd4
28. Rc4 Rd8 29. Rc5 Re8 30. b4 Qd6 31. a3 Kg7 32. f4 f6 33. f5 Rd8 34. Kg2 Bd7
35. Be2 Be8 36. Rc1 Bf7 37. Qc3 Qd4 38. Qxd4 exd4 39. Rc5 Re8 40. Kf2 Kf8 41.
Ke1 h5 42. Kd2 Re7 43. Bd1 Ke8 44. Kc1 Kd7 45. Ba4 b5 46. Bd1 Kd6 47. Kb2 Re5
48. Rc1 Re7 1/2-1/2

[Event "35th Zalakaros Open 2016"]
[Site "Zalakaros HUN"]
[Date "2016.06.03"]
[Round "8.34"]
[White "Hristodoulou, Panagiotis"]
[Black "Nitin, S."]
[Result "0-1"]
[WhiteTitle "FM"]
[BlackTitle "IM"]
[WhiteElo "2245"]
[BlackElo "2377"]
[WhiteFideId "4214340"]
[BlackFideId "5018277"]
[EventDate "2016.05.27"]

1. e4 c5 2. Nf3 d6 3. d4 cxd4 4. Nxd4 Nf6 5. Nc3 a6 6. Bg5 e6 7. f4 Nbd7 8. Qf3
Qc7 9. O-O-O b5 10. Bxf6 Nxf6 11. e5 Bb7 12. Qe3 dxe5 13. Ncxb5 Qc5 14. fxe5 Nd5
15. Qb3 Rb8 16. Qg3 g6 17. Kb1 Be7 18. Nd6+ Bxd6 19. exd6 O-O 20. Nb3 Qe3 21.
Qxe3 Nxe3 22. Rd2 Bd5 23. Rg1 Rfd8 24. Bxa6 Rxd6 25. Bd3 f5 26. g3 e5 27. Re1 f4
28. Kc1 Rc8 29. gxf4 exf4 30. Nd4 Bxa2 31. b3 Rxd4 32. Kb2 Bxb3 33. Kxb3 Nxc2
34. Re4 Rd6 35. Bc4+ Rxc4 36. Re8+ Kf7 37. Rxd6 Rb4+ 38. Kxc2 Kxe8 39. Kd3 Ke7
40. Ra6 f3 41. Ke3 Rb3+ 42. Kf2 Rb2+ 43. Kxf3 Rxh2 44. Kg4 Rh5 45. Rb6 Kf7 46.
Rb7+ Kf6 47. Ra7 Rh1 48. Ra6+ Kg7 49. Ra7+ Kh6 50. Ra6 Rb1 51. Ra4 Rb7 0-1

[Event "35th Zalakaros Open 2016"]
[Site "Zalakaros HUN"]
[Date "2016.06.03"]
[Round "8.35"]
[White "Dankhazi, Andras"]
[Black "Konopka, Michal"]
[Result "1/2-1/2"]
[WhiteTitle "FM"]
[BlackTitle "IM"]
[WhiteElo "2267"]
[BlackElo "2418"]
[WhiteFideId "714267"]
[BlackFideId "308633"]
[EventDate "2016.05.27"]

1. d4 Nf6 2. c4 g6 3. Nc3 d5 4. cxd5 Nxd5 5. Bd2 Bg7 6. e4 Nxc3 7. Bxc3 c5 8. d5
Bxc3+ 9. bxc3 O-O 10. Qd2 e6 11. Bc4 exd5 12. Bxd5 Nd7 13. Nf3 Nf6 14. O-O Bg4
15. Qf4 Bxf3 16. Qxf3 Nxd5 17. exd5 1/2-1/2

[Event "35th Zalakaros Open 2016"]
[Site "Zalakaros HUN"]
[Date "2016.06.03"]
[Round "8.36"]
[White "Warakomska, Anna"]
[Black "Nasuta, Grzegorz"]
[Result "1/2-1/2"]
[WhiteTitle "WIM"]
[BlackTitle "IM"]
[WhiteElo "2298"]
[BlackElo "2413"]
[WhiteFideId "1130790"]
[BlackFideId "1141686"]
[EventDate "2016.05.27"]

1. d4 Nf6 2. c4 g6 3. g3 Bg7 4. Bg2 d5 5. cxd5 Nxd5 6. Nf3 Nb6 7. Nc3 Nc6 8. e3
O-O 9. O-O Re8 10. Re1 e5 11. d5 Na5 1/2-1/2

[Event "35th Zalakaros Open 2016"]
[Site "Zalakaros HUN"]
[Date "2016.06.03"]
[Round "8.37"]
[White "Tompa, Janos"]
[Black "Tesik, Csaba"]
[Result "1-0"]
[WhiteTitle "IM"]
[BlackTitle "FM"]
[WhiteElo "2384"]
[BlackElo "2333"]
[WhiteFideId "700193"]
[BlackFideId "735582"]
[EventDate "2016.05.27"]

1. e4 e5 2. Nf3 Nc6 3. d3 Bc5 4. Be2 Nf6 5. c3 h6 6. b4 Bb6 7. b5 Na5 8. Nxe5 d5
9. Ba3 dxe4 10. d4 Be6 11. O-O Nd7 12. Nxd7 Qxd7 13. Nd2 f5 14. Bb4 a6 15. bxa6
bxa6 16. Bh5+ Bf7 17. Bxf7+ Qxf7 18. Bxa5 Bxa5 19. Qa4+ 1-0

[Event "35th Zalakaros Open 2016"]
[Site "Zalakaros HUN"]
[Date "2016.06.03"]
[Round "8.38"]
[White "Fogarasi, Tibor"]
[Black "Spalir, Jernej"]
[Result "1/2-1/2"]
[WhiteTitle "GM"]
[BlackTitle "FM"]
[WhiteElo "2372"]
[BlackElo "2330"]
[WhiteFideId "700363"]
[BlackFideId "14606518"]
[EventDate "2016.05.27"]

1. e4 e5 2. Nf3 Nc6 3. Bb5 a6 4. Ba4 Nf6 5. O-O Be7 6. d3 b5 7. Bb3 d6 8. a4 Bd7
9. c3 O-O 10. Nbd2 Na5 11. Bc2 c5 12. d4 cxd4 13. cxd4 Qc7 14. axb5 Bxb5 15. Re1
Nc6 16. Nb3 a5 17. Be3 Nb4 18. Bb1 a4 19. Nc1 Rfc8 20. Na2 Nc2 21. Bxc2 Qxc2 22.
Nc3 Qxb2 23. Nxa4 Bxa4 24. Rxa4 Nxe4 25. Rxa8 Rxa8 26. dxe5 Nc3 27. Qd2 Qxd2 28.
Bxd2 1/2-1/2

[Event "35th Zalakaros Open 2016"]
[Site "Zalakaros HUN"]
[Date "2016.06.03"]
[Round "8.39"]
[White "Skawinski, Arkadiusz"]
[Black "Tate, Alan"]
[Result "1/2-1/2"]
[WhiteTitle "FM"]
[BlackTitle "FM"]
[WhiteElo "2367"]
[BlackElo "2307"]
[WhiteFideId "1126415"]
[BlackFideId "2401878"]
[EventDate "2016.05.27"]

1. e4 c5 2. c3 d5 3. d3 Nc6 4. Nf3 g6 5. Nbd2 Bg7 6. g3 e5 7. Bg2 Nge7 8. O-O
O-O 9. exd5 Nxd5 10. a4 h6 11. Nc4 Bf5 12. Re1 Re8 13. Nh4 Be6 14. Nf3 Qc7 15.
Nfd2 Rad8 16. a5 f5 17. Qa4 Kh7 18. Nb3 Nb8 19. Na3 a6 20. Nc4 Nd7 21. Bd2 Bf7
22. Re2 N7f6 23. Rae1 e4 24. Nc1 g5 25. Ne3 Nxe3 26. Rxe3 c4 27. d4 Bg6 28. Bf1
f4 29. gxf4 gxf4 30. Rh3 Rc8 31. Ne2 Nd5 32. Ra1 Bf6 33. Ng3 Rg8 34. Bg2 Rce8
35. Rf1 Re7 36. Kh1 Bg5 37. Qd1 Qd6 38. Bc1 Qf6 39. Qg4 Kg7 40. Nh5+ Bxh5 41.
Rxh5 Qg6 42. h4 Nf6 43. Rxg5 hxg5 44. Qxg5 Qxg5 45. hxg5 Nd5 46. Bh3 Kg6 47. Rg1
Rh8 48. Kg2 Kxg5 49. Kf1+ Kf6 50. Bg4 Rh2 51. Be2 Rc7 52. Bd2 f3 53. Bd1 Rg7 54.
Rxg7 Kxg7 55. Kg1 Rg2+ 56. Kf1 Rh2 57. Kg1 e3 58. Be1 e2 59. Bxe2 fxe2 60. Kxh2
Nf4 61. Kg3 Nd3 62. Kf3 Nxe1+ 63. Kxe2 Nd3 64. Ke3 Kf6 65. Ke4 Nxf2+ 66. Kd5 Ke7
67. Kxc4 Ne4 68. Kd5 Nd6 69. c4 Kd7 70. b3 Nc8 71. Kc5 Kc7 72. d5 Nd6 73. Kd4
Kd7 74. Kc5 Kc7 75. Kd4 Kd7 1/2-1/2